000 00851cam a2200229 a 4500
001 000004713
005 20200929151505.0
008 940523s1992 pe a b 000 0 spa d
035 _a(DLC) 94162347
040 _aDO-SdBNP
_cDLC
_dBNPHU
082 _aPe860.9
_bT153L
100 1 _aTamayo Vargas, Augusto,
_d1941-
_913724
245 1 0 _aLiteratura peruana /
_cAugusto Tamayo Vargas.
260 _aLima :
_bPEISA,
_cc1992.
300 _a2 v. :
_bil. ;
_c25 cm.
505 0 _gV.1.
_tPrecolombina -- De la conquista y del clasicismo -- Barroquismo y neoclasicismo --
_gv.2
_tDe la emancipacion -- Costumbrismo y romanticismo -- Realismo y premodernismo -- Modernismo.
650 4 _aLiteratura peruana
_xHistoria y crítica
_913725
650 4 _aIndígenas en la literatura
_913726
910 _aCatalogación por copia / LC
910 _aWM
049 _aBNGR
999 _c4519
_d4519